Catálogo

FABULAS LITERARIAS (Registro nro. 33377)

Detalles MARC
000 -LEADER
fixed length control field 00445nam a2200181 a 4500
001 - CONTROL NUMBER
control field 33377
005 - DATE AND TIME OF LATEST TRANSACTION
control field 20180714001257.0
008 - FIXED-LENGTH DATA ELEMENTS--GENERAL INFORMATION
fixed length control field 140415s1965 000 0 spa d
041 ## - LANGUAGE CODE
Language code of text/sound track or separate title spa
082 ## - DEWEY DECIMAL CLASSIFICATION NUMBER
Classification number 860
Item number IRI
100 1# - MAIN ENTRY--PERSONAL NAME
Personal name IRIARTE, TOMAS DE
245 10 - TITLE STATEMENT
Title FABULAS LITERARIAS
250 ## - EDITION STATEMENT
Edition statement 3a ed.
260 ## - PUBLICATION, DISTRIBUTION, ETC.
Place of publication, distribution, etc. [s.l.] :
Name of publisher, distributor, etc. ESPASA-CALPE,
Date of publication, distribution, etc. 1965
300 ## - PHYSICAL DESCRIPTION
Extent 161
490 ## - SERIES STATEMENT
Series statement AUSTRAL
Volume/sequential designation 1247
650 14 - SUBJECT ADDED ENTRY--TOPICAL TERM
Topical term or geographic name entry element FABULAS
General subdivision LITERATURA
Existencias
Withdrawn status Lost status Source of classification or shelving scheme Damaged status Not for loan Collection code Home library Current library Shelving location Date acquired Source of acquisition Inventory number Total Checkouts Full call number Barcode Date last seen Price effective from Koha item type
    Dewey Decimal Classification     General Biblioteca Karol Wojtyla Biblioteca Karol Wojtyla Sala general 03/12/2013 Compra 151000000000000000033136   860 IRI 50905 05/01/2026 03/12/2013 Libro